So la lune - Statistiques

Statistiques générales
  • Ce quiz a été pris 295 fois
  • Le résultat moyen est 7 sur 16
Statistiques - réponses
Questions Réponses % Correct
Quel est son surnom, signifiant "lune" en japonais ? Tsuki
86%
Avec quel grand rappeur marseillais So la lune a-t-il fait un feat ? SCH
81%
Combien de titres compte "Fissure de Vie" ? 16
78%
De quel archipel surnommé "Îles de la Lune" est il originaire ? Comores
76%
De quel film d'animation, So la lune a-t-il samplé la musique pour une exclue ? Là-haut
57%
Quel titre de musique (sortie en 2019) n'apparaissant sur aucun projet est un prénom masculin ? Billy
47%
Quel est le premier titre qu'il a sorti ? Fissure de vie 23
47%
Comment s'appelle son morceau sur le projet de Mahdi Ba ? Néant
46%
De quel quartier lyonnais vient-il ? Mermoz
42%
Quelle est la date de sortie du projet "Fissure de Vie" ? 27/05/22
36%
Quel(s) artiste(s) ont fait la 1e partie de So la lune lors de son premier Olympia le 17/05/2023 ? Zaky Yung Poor Alo
36%
Quel est le nom de son premier feat avec Elh Kmer ? 5000 otages
28%
Quel le 7e titre du projet Tsuki sorti en 2020 ? Envieux
27%
De quel projet le titre "Solide" est-il extrait ? LETS GO
24%
Quel est le nom du 5e projet de So la lune ? Apollo 11
22%
Avec quel artiste est-il en feat sur le titre "La Lune" Djado Mado
12%
Aucun quiz correspondant
Distribution des résultats
% des personnes avec chaque résultat
Percentile par nombre de réponses
Votre historique - résultats
Vous n’avez pas pris ce quiz